Strictly Come Dancing Celebs 2021 - Statistics

General Stats
  • This quiz has been taken 100 times
  • The average score is 11 of 15
Answer Stats
Partnered with: Answer % Correct
Johannes John Whaite
86%
Nikita Tilly Ramsay
86%
Kai AJ Odudu
76%
Giovanni Rose Ayling-Ellis
76%
Amy Tom Fletcher
76%
Aljaz Sara Davies
72%
Dianee Robert Webb
71%
Graziano Judi Love
70%
Katya Adam Peaty
69%
Nadiya Dan Walker
69%
Nancy Rhys Stephenson
69%
Karen Greg Wise
65%
Oti Ugo Monye
65%
Neil Nina Wadia
64%
Gorka Katie McGlynn
59%
No matching quizzes found
Score Distribution
Percent of People with Each Score
Percentile by Number Answered
Your Score History
You have not taken this quiz